|
|
|
|
| LEADER |
00000nab a2200000 ar4500 |
| 001 |
vtls009088421 |
| 003 |
SK-MaSNL |
| 005 |
20260304201440.0 |
| 008 |
070822c2007 xo mr|p|||||||000 b|slo |
| 015 |
|
|
|a SNBRB2007/08
|
| 038 |
|
|
|a SNSK
|
| 040 |
|
|
|a SNSK
|b slo
|c SNSK
|e AACR2
|
| 041 |
|
|
|a slo
|
| 044 |
|
|
|a xo
|c SK
|
| 080 |
|
|
|a 78.071.2
|2 2001
|
| 080 |
|
|
|a 929 Kollár, Mário
|2 2001
|
| 080 |
|
|
|a 784.66
|2 2001
|
| 100 |
1 |
|
|a Boronkayová, Felícia
|4 ivr
|4 aut
|9 838746
|
| 245 |
1 |
0 |
|a Ľúbite sa? Vezmite sa!
|c Felícia Boronkayová , Mário Kollár
|
| 300 |
|
|
|b Fotogr.
|
| 600 |
1 |
7 |
|a Kollár, Mário
|2 snsk
|9 59973
|
| 610 |
2 |
7 |
|a Desmod (hudobná skupina)
|2 snsk
|9 30602
|
| 650 |
0 |
7 |
|a populárna hudba
|2 snsk
|9 3428
|
| 655 |
|
7 |
|a rozhovory
|2 snkbucl
|9 31831
|
| 700 |
1 |
|
|a Kollár, Mário
|4 ive
|4 aut
|9 59973
|
| 773 |
0 |
|
|t Život
|g Roč. 57, č. 26 (2007), s. 28-31
|x 0139-6323
|
| 852 |
|
|
|a SNSK
|b KIS3GCP
|
| 958 |
|
|
|a BX
|
| 999 |
|
|
|c 3095037
|d 3096967
|